Statistics for Names for Sports Venues

Click here to take the quiz!

General Stats

  • This quiz has been taken 49 times
    (21 since last reset)
  • The average score is 8 of 13

Answer Stats

# of VenuesMain SportName% Correct
16NHLArena
100%
22NFLStadium
100%
20NFL/MLBField
88%
28NBACenter/Centre
82%
13MLBPark
82%
1NFLDome
65%
2NFLColiseum
47%
2NBA/NHLGarden
47%
1NBAFieldhouse
41%
1NBAForum
29%
1NHLPlace
29%
1NFLSuperdome
29%
1NHLSaddledome
12%

Score Distribution

Percentile by Number Answered

Percent of People with Each Score

Your Score History

You have not taken this quiz since the last reset